| 000 | 00793nam a2200241Ia 4500 | ||
|---|---|---|---|
| 003 | GCL | ||
| 008 | 140319s9999 xx 000 0 ara d | ||
| 040 |
_aGCL / _cGCL |
||
| 082 | 0 | 4 |
_a001.5 _bج د |
| 100 | 1 | _aجيهان احمد رشتى | |
| 245 | 1 | 0 |
_aالدعاية واستخدام الراديو فى الحرب النفسية / _cجيهان احمد رشتى |
| 260 |
_a[S.N] : _bدار الفكر العربى ، _c1985 |
||
| 300 | _a534 ص | ||
| 490 | _a | ||
| 650 | 0 | 4 | _aالحرب النفسية |
| 650 | 0 | 4 | _aالصهيونية |
| 650 | 0 | 4 | _aالاعلام |
| 650 | 0 | 4 | _aالدعاية |
| 650 | 0 | 4 | _aالنازية |
| 650 | 0 | 4 | _aالحرب العالمية الاولى 1914- 1918 |
| 650 | 0 | 4 | _aالحرب العالمية الثانية 1939 - 1945 |
| 942 |
_2ddc _cBK |
||
| 999 |
_c34760 _d34760 |
||